Kak vypravit' položenije v otečestvennom prodovol'stvennom komplekse
Analýza faktorov rozvoja krízy v agrárnom sektore. Argumentácia proti dotáciám a subsídiám v podmienkach nezmenenej koncepcie rozvoja odvetvia. Náčrt opatrení v oblasti politiky stabilizácie potravinového trhu a štruktúrnej prestavby v APK.
Salvato in:
| Autore principale: | |
|---|---|
| Altri autori: | , |
| Natura: | Capitolo di libro |
| Lingua: | russo |
| Soggetti: | |
| Tags: |
Nessun Tag, puoi essere il primo ad aggiungerne!!
|
MARC
| LEADER | 00000naa a2200000 4500 | ||
|---|---|---|---|
| 001 | r011592 | ||
| 005 | 20221208123056.2 | ||
| 041 | 0 | |a rus | |
| 044 | |a [SU] | ||
| 245 | 1 | 0 | |a Kak vypravit' položenije v otečestvennom prodovol'stvennom komplekse |c M. Sidorov, R. Gumerov, N. Radugin |
| 520 | |a Analýza faktorov rozvoja krízy v agrárnom sektore. Argumentácia proti dotáciám a subsídiám v podmienkach nezmenenej koncepcie rozvoja odvetvia. Náčrt opatrení v oblasti politiky stabilizácie potravinového trhu a štruktúrnej prestavby v APK. | ||
| 610 | 2 | 0 | |a potravinárstvo |
| 610 | 2 | 0 | |a komplex poľnohospodársko-priemyselný |
| 610 | 2 | 0 | |a Rusko |
| 610 | 2 | 0 | |a dotácie |
| 610 | 2 | 0 | |a poľnohospodárstvo |
| 610 | 2 | 0 | |a ceny |
| 610 | 2 | 0 | |a regulácia cenová |
| 610 | 2 | 0 | |a trh |
| 610 | 2 | 0 | |a zmeny štruktúrne |
| 610 | 2 | 0 | |a dane |
| 100 | 1 | |a Sidorov, M. | |
| 700 | 1 | |a Gumerov, R. | |
| 700 | 1 | |a Radugin, N. | |